Are retailers delivering the regeneration goods? (Record no. 71236)

MARC details
000 -LEADER
fixed length control field 00865cam a2200181 4500
001 - CONTROL NUMBER
control field ABS65990
008 - FIXED-LENGTH DATA ELEMENTS--GENERAL INFORMATION
fixed length control field 020925n2002 000 0 eng u
035 ## - SYSTEM CONTROL NUMBER
System control number (Sirsi) u119857
100 ## - MAIN ENTRY--PERSONAL NAME
Personal name McIntosh, S
245 ## - TITLE STATEMENT
Title Are retailers delivering the regeneration goods?
260 ## - PUBLICATION, DISTRIBUTION, ETC.
Date of publication, distribution, etc. 2002
490 ## - SERIES STATEMENT
Series statement Regeneration and Renewal
Volume/sequential designation 2 August 2002, 16-17(2)
520 ## - SUMMARY, ETC.
Summary, etc. Looks at how policy-makers can make a difference to the retail decline in poor areas. Suggests some ways to achieve this by concentrating on providing shop sizes that are appropriate to the market, promoting of a quality environment, increased footfall through the location of social and community facilities, often in vacant units and development of marketing strategies to maximise stores' catchment areas.
590 ## - LOCAL NOTE (RLIN)
Local note ABS
650 ## - SUBJECT ADDED ENTRY--TOPICAL TERM
Topical term or geographic name entry element RETAIL PLANNING
690 ## - LOCAL SUBJECT ADDED ENTRY--TOPICAL TERM (OCLC, RLIN)
Topical term or geographic name as entry element REGENERATION
942 ## - ADDED ENTRY ELEMENTS (KOHA)
Suppress in OPAC 0
Holdings
Withdrawn status Lost status Source of classification or shelving scheme Damaged status Not for loan Home library Current library Shelving location Date acquired Total Checkouts Full call number Barcode Date last seen Copy number Price effective from Koha item type
    Dewey Decimal Classification     London London Journal article 25/09/2002   ABS65990 119857-1001 06/08/2019 1 06/08/2019 Journal article